000 00431nam a2200181Ia 4500
005 20250423095803.0
008 250422s9999 xx 000 0 und d
020 _a0399142363
050 _aDS 79 .724 .U6 .F73/
100 _aClancy, Tom
245 0 _aInto the storm : a study in command
260 _aNew York
260 _bG.P.Putman's Sons
260 _c1997
300 _a531 p
650 _aLiterature
942 _cBK
999 _c31331
_d31331